000 00330nam a22001457a 4500
008 230414b ||||| |||| 00| 0 eng d
020 _a9780393976250
041 _aeng
080 _2REVISED EDITION
_a34
082 _a34STO
100 _a31
101 _aJUREDIK
245 _aPOLICY PARADOX
_cSTONE DEBORAH
942 _2udc
_cBK
999 _c59553
_d59553